| 000 | 01290cam a2200361 i 4500 | ||
|---|---|---|---|
| 001 | 200044656 | ||
| 003 | TR-AnTOB | ||
| 005 | 20240507160038.0 | ||
| 007 | ta | ||
| 008 | 130403s tu a 000 0 tur d | ||
| 040 |
_aTR-AnTOB _beng _erda _cTR-AnTOB |
||
| 041 | 0 | _atur | |
| 050 |
_aD743 _b.I45 |
||
| 090 |
_aD743 _b.I45 |
||
| 245 | 0 | _a2.Dünya Savaşı ansiklopedisi. | |
| 246 | 3 | 0 | _aİkinci Dünya Savaşı ansiklopedisi |
| 264 | 1 |
_a[İstanbul] : _bYener Yayınları, _c[date of publication not identified] |
|
| 300 |
_a4 volumes : _billustrations (some color) ; _c28 cm |
||
| 336 |
_atext _btxt _2rdacontent |
||
| 337 |
_aunmediated _bn _2rdamedia |
||
| 338 |
_avolume _bnc _2rdacarrier |
||
| 505 | 0 | _av. Savaşı hazırlayan sebepler ve savaşın başlangıcı -- v.2 Batıda sonun başlangıcı -- v.3 Balkanlarda savaş -- v.4 Savaş kızışıyor. | |
| 650 |
_aDünya Savaşı, 1939-1945 _984970 |
||
| 650 |
_aDünya Savaşı, 1939-1945 _xTarih _981904 |
||
| 650 | 7 |
_aDünya Savaşı, 1939-1945 _vResimli çalışmalar _2etuturkob _957913 |
|
| 700 |
_aYener, Tevfik _981882 |
||
| 700 |
_aÖrs, Ahmet _981884 |
||
| 700 |
_aÜçüncü, Uğur _981885 |
||
| 700 |
_aÖzbek, Sahir _981901 |
||
| 700 |
_aBerker, Davut _981902 |
||
| 942 |
_2lcc _cBK |
||
| 999 |
_c200044656 _d19609 |
||